[Event "ARG-ch Amateur U2000"]
[Site "Termas de Rio Hondo"]
[Date "2017.11.17"]
[Round "1.3"]
[White "Toranzo, Sebastian"]
[Black "Pires, Carlos Martin"]
[Result "1-0"]
[WhiteElo "1992"]
[BlackElo "1818"]
[PlyCount "47"]
[EventDate "2017.11.17"]
[EventType "swiss"]
[EventRounds "9"]
[EventCountry "ARG"]
[SourceTitle "EXT 2024"]
[Source "ChessBase"]
[SourceDate "2023.10.10"]
[SourceVersion "1"]
[SourceVersionDate "2023.10.10"]
[SourceQuality "1"]

1. e4 c5 2. c3 d5 3. exd5 Qxd5 4. d4 Nf6 5. Nf3 Bg4 6. Nbd2 Nc6 7. Bc4 Bxf3 8. gxf3 Qd6 9. dxc5 Qxc5 10. Qe2 e6 11. Ne4 Qe5 12. Nxf6+ Qxf6 13. Be3 Bd6 14. 0-0-0 0-0-0 15. Bb5 Bf4 16. Bxc6 bxc6 17. Qa6+ Kb8 18. Qxa7+ Kc8 19. Qa6+ Kb8 20. Qb6+ Kc8 21. Qxc6+ Kb8 22. Qb5+ Kc8 23. Qc4+ Bc7 24. Qa6+ 1-0

[Event "ARG-ch Amateur U2000"]
[Site "Termas de Rio Hondo"]
[Date "2017.11.17"]
[Round "2.3"]
[White "Vazquez, Sebastian"]
[Black "Toranzo, Sebastian"]
[Result "0-1"]
[WhiteElo "1863"]
[BlackElo "1992"]
[PlyCount "58"]
[EventDate "2017.11.17"]
[EventType "swiss"]
[EventRounds "9"]
[EventCountry "ARG"]
[SourceTitle "EXT 2024"]
[Source "ChessBase"]
[SourceDate "2023.10.10"]
[SourceVersion "1"]
[SourceVersionDate "2023.10.10"]
[SourceQuality "1"]

1. e4 c5 2. Nf3 d6 3. d4 cxd4 4. Nxd4 Nf6 5. Nc3 a6 6. Bg5 e6 7. f4 Be7 8. Qf3 Qc7 9. 0-0-0 Nbd7 10. g4 h6 11. Bxf6 Bxf6 12. Bg2 g5 13. h4 Rg8 14. fxg5 hxg5 15. h5 Bh8 16. Ndb5 axb5 17. Nxb5 Bxb2+ 18. Kxb2 Rxa2+ 19. Kxa2 Qxc2+ 20. Ka3 Qc5+ 21. Ka2 Qxb5 22. Rxd6 Ne5 23. Qb3 Qe2+ 24. Ka1 Qxg2 25. Rhd1 Ke7 26. Qc3 Bd7 27. Qxe5 Ra8+ 28. Kb1 Qa2+ 29. Kc1 Rc8+ 0-1

[Event "Villa Martelli op-B 21st"]
[Site "Villa Martelli"]
[Date "2014.11.07"]
[Round "1"]
[White "Toranzo, Sebastian"]
[Black "Garnier, Rene Augusto"]
[Result "0-1"]
[WhiteElo "1815"]
[BlackElo "2110"]
[PlyCount "132"]
[EventDate "2014.11.07"]
[EventType "swiss"]
[EventRounds "9"]
[EventCountry "ARG"]
[SourceTitle "CBM 163 Extra"]
[Source "ChessBase"]
[SourceDate "2014.12.23"]
[SourceVersion "1"]
[SourceVersionDate "2014.12.23"]
[SourceQuality "1"]

1. e4 g6 2. d4 Bg7 3. Nf3 c5 4. Nc3 cxd4 5. Nxd4 Nc6 6. Be3 Nf6 7. Nb3 0-0 8. Be2 d6 9. 0-0 Be6 10. f4 Qc8 11. Bf3 Bg4 12. Nd5 Bxf3 13. Qxf3 Nxd5 14. exd5 Nb8 15. Nd4 Nd7 16. Rac1 Qc4 17. c3 Nf6 18. f5 Qxd5 19. fxg6 hxg6 20. Qe2 Qh5 21. Qxh5 Nxh5 22. Bg5 Bf6 23. Be3 Bg7 24. Bg5 Bf6 25. Be3 Rac8 26. Nb5 a6 27. Nxd6 exd6 28. g4 Be5 29. gxh5 gxh5 30. Rf5 Rfe8 31. Rcf1 Rc7 32. Rg5+ Kf8 33. Rf3 h4 34. Rh5 Rc4 35. Bh6+ Ke7 36. Bg5+ Ke6 37. Bxh4 Rg8+ 38. Bg3 Rcg4 39. Kf2 f6 40. Rh7 R8g7 41. Rxg7 Rxg7 42. b3 b5 43. Ke2 Rc7 44. Bxe5 dxe5 45. h4 Rh7 46. Rh3 Kf5 47. Kf3 e4+ 48. Ke3 Rh5 49. Rh1 Ke5 50. c4 bxc4 51. bxc4 f5 52. c5 f4+ 53. Kf2 Kd5 54. Rc1 Kc6 55. Rc4 e3+ 56. Kf3 Rxh4 57. Rc2 a5 58. a4 Kd5 59. c6 Rh8 60. c7 Rc8 61. Kxf4 Kd4 62. Kf3 Kd3 63. Rc6 Rf8+ 64. Kg4 e2 65. Rd6+ Ke3 66. Re6+ Kf2 0-1

[Event "Buenos Aires Bolivar op 4th"]
[Site "Buenos Aires"]
[Date "2011.06.15"]
[Round "3"]
[White "Otero, Carlos Alberto"]
[Black "Toranzo, Sebastian"]
[Result "1-0"]
[WhiteElo "1664"]
[BlackElo "1835"]
[PlyCount "55"]
[EventDate "2011.06.13"]
[EventType "swiss"]
[EventRounds "9"]
[EventCountry "ARG"]
[SourceTitle "EXT 2014"]
[Source "ChessBase"]
[SourceDate "2013.11.20"]
[SourceVersion "1"]
[SourceVersionDate "2013.11.20"]
[SourceQuality "1"]

1. e4 e5 2. Nf3 Nc6 3. Bb5 f5 4. d3 fxe4 5. dxe4 Nf6 6. 0-0 Bc5 7. Nc3 0-0 8. Bg5 d6 9. Nd5 Bg4 10. c3 Kh8 11. b4 Bb6 12. a4 a6 13. Be2 Qe8 14. a5 Qg6 15. Bxf6 Ba7 16. Nh4 Qxe4 17. Bxg4 gxf6 18. Nf5 Nd4 19. Nde3 Nxf5 20. Bxf5 Qh4 21. Qg4 Qh6 22. Qh3 Qg7 23. Qg3 Qe7 24. Qh3 c6 25. Kh1 Rg8 26. Ng4 Rg5 27. Nxf6 Rf8 28. Nxh7 1-0

[Event "Villa Ballester de Invierno op 8th"]
[Site "Villa Ballester"]
[Date "2008.08.17"]
[Round "2"]
[White "Toranzo, Sebastian"]
[Black "Gibson, Tomas"]
[Result "0-1"]
[WhiteElo "1938"]
[BlackElo "2237"]
[PlyCount "56"]
[EventDate "2008.08.16"]
[EventType "swiss"]
[EventRounds "7"]
[EventCountry "ARG"]
[SourceTitle "CBM 126 Extra"]
[Source "ChessBase"]
[SourceDate "2008.11.05"]
[SourceVersion "1"]
[SourceVersionDate "2008.11.05"]
[SourceQuality "1"]

1. e4 e5 2. Nf3 Nf6 3. Bc4 Nxe4 4. Nc3 Nxc3 5. dxc3 f6 6. Be3 Qe7 7. Qd2 d6 8. 0-0-0 Be6 9. Bxe6 Qxe6 10. Kb1 Nc6 11. h3 0-0-0 12. g4 d5 13. Rhe1 h5 14. Rg1 hxg4 15. hxg4 Be7 16. Rde1 Qf7 17. Qe2 a6 18. g5 Qh5 19. gxf6 gxf6 20. Rh1 Qxh1 21. Rxh1 Rxh1+ 22. Bc1 e4 23. Ne1 Rg8 24. b4 Rgg1 25. Bd2 Ne5 26. Kb2 Nc4+ 27. Kb3 c6 28. Bf4 f5 0-1